000 00487nam a2200181Ia 4500
008 090124s9999 xx 000 0 und d
082 _b29961
_a829
100 _aप्रभु मीना
245 _a दक्षिणरंग
250 _a1
260 _c1999
300 _a331
600 _aप्रभु मीना
630 _a दक्षिणरंग
700 _aप्रभु मीना
730 _a दक्षिणरंग
942 _cBOOK
999 _c143443
_d143443